000 01484nam a2200325 4500
001 196
003 OSt
005 20250528074014.0
008 250203b |||||||g |||| 00| 1 eng d
020 _a9788576874386
040 _bpor
041 _heng
_apor
082 _a813
_bD353e
100 1 _aDelinsky, Barbara,
_d1945-
_9360
240 _aThe Dreams unfolds
245 _aEncantos /
_cDelinsky, Barbara ; Tradução de Eliane Fraga
260 _aRio de Janeiro
_bHarlequin
_c2007
300 _a279 p.
490 1 _aTrilogia da Esperança
_vvol. 02
520 _aCrosslyn Rise ainda viverá muitos dias de glória. Ao aceitar que a propriedade se transforme em um condomínio com vista para o mar, Jéssica Crosslyn dá o primeiro passo para que suas raízes continuem vivas, e que possam gerar belos frutos. Para a construção, é contratado o empreiteiro Gideon Lowe. Ele é do tipo que, faça chuva ou faça sol, não deixa o serviço atrasar um minuto sequer. E tudo vai bem até a chegada da designer de interiores Christine Gilles ao canteiro de obras. Ela é uma mulher independente, fascinante...e que abala os nervos de Gideon com sua presença perturbadora.
650 0 _aLiteratura Americana
_984
650 0 _aChick Lit
_9363
650 0 _aAmor e Paixão
_925
650 0 _aFamilia
_935
655 0 _aRomance
_923
655 0 _aFicção
_922
700 _aEliane Fraga
_eTradutor
_9361
830 _aTrilogia da Esperança
_vvol. 02
_9362
942 _2ddc
_n0
_cBK
999 _c196
_d196